000 01168nam0a22002651 4500
001 v19\rc\1708513
005 20260405150834.0
035 _a(NLR Aleph) 005245816
090 _a5752546
_c5752546
100 _a20061002d1899 |||y0rusy50 ca
101 0 _arus
102 _aRU
105 _aa z |||||
200 1 _aОпытные исследования над сопротивлением воздуха на конические поверхности
_e(Работа произведена при Мех. каб. Моск. ун-та в 1890 г.)
_f[Соч.] В. Кузнецова
210 _a[Санкт-Петербург]
_cтип. Имп. Акад. наук
_d[1899]
215 _a10 с.
_cтабл., черт.
_d24
309 _aБез тит. л. и обл.
700 1 _7ca
_8rus
_aКузнецов
_bВ. В.
_cметеоролог и гидролог
_f1866-1938
_gВасилий Васильевич
_945011
_3RU\NLR\AUTH\7762081
801 2 _aRU
_bNLR
_c20080315
_2rusmarc
801 0 _aRU
_bNLR
_c20061002
_gpsbo
801 0 _aRU
_bRuMoRGB
_c20061002
_2psbo
801 1 _aRU
_bProSoft-M
_c20061002
_2rusmarc
852 _aNLR
_j18.146.3.200
942 _cBOOK
980 _aNB